Seminari : el desenvolupament rural integrat i les institucions locals : 30-31 gener el desenvolupament rural integrat i les institucions locals :
Publicado:
Barcelona :
Diputació de Barcelona : Universitat Autònoma de Barcelona : Federació de Municipis de Catalunya, [1988]
Descripción Física:
1 capsa ; 34 x 25 cm
Otros Autores:
Universitat Autònoma de Barcelona
MARC
| LEADER | 00000nam a2200000Ia 4500 | ||
|---|---|---|---|
| 001 | 18549 | ||
| 008 | 160829s9999 xx 000 0 cat d | ||
| 080 | |a FOL-3-5 | ||
| 245 | |a Seminari : |b el desenvolupament rural integrat i les institucions locals : |b 30-31 gener | ||
| 260 | |a Barcelona : |b Diputació de Barcelona : |b Universitat Autònoma de Barcelona : |b Federació de Municipis de Catalunya, [1988] | ||
| 300 | |a 1 capsa ; |c 34 x 25 cm | ||
| 590 | |a Textos en català, castellà, francès i italià. | ||
| 590 | |a Conté fotocòpies manuscrites, un exemplar ciclostilat i altres impresos | ||
| 650 | |a Desenvolupament rural |x Congressos |9 45054 | ||
| 650 | |a Agricultura |x Història |x S. XX |9 45055 | ||
| 700 | |a Universitat Autònoma de Barcelona |9 17832 | ||
| 710 | 1 | |a Barcelona (Catalunya : Província). |b Diputació |9 52408 | |
| 901 | |a Arxiu | ||
| 942 | |n 1 | ||
| 952 | |0 0 |1 0 |4 0 |6 FOL35 |7 1 |9 52329 |a Arxiu |b Arxiu |d 2016-12-01 |l 0 |o FOL-3-5 |p 18549 |r 2016-12-01 00:00:00 |w 2016-12-01 |y ARXIU | ||
| 999 | |c 56177 |d 56177 | ||